| 000 | 00830nam a2200241 a 4500 | ||
|---|---|---|---|
| 001 | 000018436 | ||
| 005 | 20200929165517.0 | ||
| 008 | 100506s1941 sp 000 p spa d | ||
| 040 |
_aDO-SdBNP _bspa |
||
| 082 |
_a861.3 _bH565p |
||
| 100 | 1 |
_aHerrera, Fernando de, _d1534?-1597 _911948 |
|
| 245 | 1 | 0 |
_aPoesías / _cFernando de Herrera ; edición y notas de Don Vicente García de Diego. |
| 260 |
_aMadrid : _bEspasa-Calpe, _c1941. |
||
| 300 |
_axxiv, 201, [2] p. ; _c19 cm. |
||
| 490 | 1 |
_aClásicos castellanos _v26 |
|
| 504 | _aIncluye referencias bibliográficas y notas al pie de las páginas. | ||
| 650 | 4 |
_aPoesía española _9631 |
|
| 650 | 4 |
_aLiteratura española _9632 |
|
| 700 | 1 |
_aGarcía de Diego, Vicente, _d1878-1978, _eed. _939850 |
|
| 830 | 0 |
_aClásicos castellanos ; _v26 _94180 |
|
| 910 | _aWM | ||
| 049 | _aBNGR | ||
| 999 |
_c17956 _d17956 |
||